Teenage Mutant Ninja Turtles Quiz - Statistics

General Stats
  • This quiz has been taken 645 times
  • The average score is 6 of 8
Answer Stats
Hint Answer % Correct
What is the blue ninja turtle's name? Leonardo
97%
Now here's a bonus question: Are ninja turtles good or bad? good
79%
And last but not least, purple one? Donatello
78%
What is their master's name? Splinter
77%
What is the ninja turtle's friend named? April
74%
What is their arch enemy's name? Shredder
71%
How about the red one? Rapheal
47%
Orange one? Michealangelo
32%
No matching quizzes found
Score Distribution
Percent of People with Each Score
Percentile by Number Answered
Your Score History
You have not taken this quiz